000 00452nam a22001817a 4500
005 20230119104851.0
008 210301b ||||| |||| 00| 0 eng d
020 _a9789388902724
041 _aeng
082 _a612 CHA-H
100 _aCHATTERJEE CC
_96437
245 _aHUMAN PHYSIOLOGY VOL-II
250 _a13'TH
260 _aNEW DELHI
_bCBS PUBLICATION
_c2018
300 _a588,P.
650 _aPHARMACY
_xB.PHARMA & D.PHARMA
_97472
942 _cBK
999 _c7490
_d7488